Southville International School and Colleges
Your cart is empty.
  • Cart
  • Lists
    Public lists Eva Luna New books Lux_list list_1
    Your lists Log in to create your own lists
  • Log in to your account
  • Your cookies
  • Search history
Southville International School and Colleges
  • Advanced search
  • Recent comments
  • Most popular
  • Libraries

Log in to your account

Log in with GOOGLE


If you do not have an external account, but do have a local account, you can still log in:

  1. Home
  2. MARC view: Hospitality financial management /
Normal view MARC view ISBD view

Hospitality financial management / (Record no. 22843)

[ view plain ]
MARC details
000 -LEADER
fixed length control field 00565nam a2200193 a 4500
005 - DATE AND TIME OF LATEST TRANSACTION
control field 20140310183435.0
008 - FIXED-LENGTH DATA ELEMENTS--GENERAL INFORMATION
fixed length control field 080130s19uu xx 00 eng d
020 ## - INTERNATIONAL STANDARD BOOK NUMBER
International Standard Book Number 9780471692164
050 ## - LIBRARY OF CONGRESS CALL NUMBER
Classification number TX 911.3.F5
Item number .D44 2007
100 ## - MAIN ENTRY--PERSONAL NAME
Personal name DeFranco, Agnes L.
245 ## - TITLE STATEMENT
Title Hospitality financial management /
Statement of responsibility, etc Agnes L. DeFranco
260 ## - PUBLICATION, DISTRIBUTION, ETC. (IMPRINT)
Place of publication, distribution, etc U.S.A :
Name of publisher, distributor, etc John Wiley & Sons, Inc,
Date of publication, distribution, etc 2007.
300 ## - PHYSICAL DESCRIPTION
Extent 368 p. :
Other physical details col. ill. ;
Dimensions 24 cm.
521 ## - TARGET AUDIENCE NOTE
Target audience note
650 ## - SUBJECT ADDED ENTRY--TOPICAL TERM
Topical term or geographic name as entry element Hospitality industry
General subdivision Finance.
700 ## - ADDED ENTRY--PERSONAL NAME
Personal name Lattin, Thomas W.
942 ## - ADDED ENTRY ELEMENTS (KOHA)
Koha item type Books
Source of classification or shelving scheme Library of Congress Classification
Call number prefix Foreign
Holdings
Withdrawn status Lost status Source of classification or shelving scheme Damaged status Home library Current library Shelving location Date acquired Source of acquisition Cost, normal purchase price Total Checkouts Full call number Barcode Date last seen Copy number Price effective from Koha item type
    Library of Congress Classification   College Library College Library General Circulation Section 07/26/2010 Donation 5610.00   TX 911.3.F5 .D44 2007 C9093 05/15/2018 1 10/18/2013 Books

Hospitality financial management /

APA

DeFranco A. L., Lattin T. W., . (2007). Hospitality financial management. U.S.A: John Wiley & Sons, Inc.

Chicago

DeFranco Agnes L, Lattin Thomas W, . 2007. Hospitality financial management. U.S.A: John Wiley & Sons, Inc.

Harvard

DeFranco A. L., Lattin T. W., . (2007). Hospitality financial management. U.S.A: John Wiley & Sons, Inc.

MLA

DeFranco Agnes L, Lattin Thomas W, . Hospitality financial management. U.S.A: John Wiley & Sons, Inc. 2007.

  • Place hold
  • Print
  • Cite
  • Add to your cart (remove)
  • Save record
    BIBTEX Dublin Core MARCXML MARC (non-Unicode/MARC-8) MARC (Unicode/UTF-8) MARC (Unicode/UTF-8, Standard) MODS (XML) RIS
  • More searches
    Search for this title in:
    Other Libraries (WorldCat) Other Databases (Google Scholar) Online Stores (Bookfinder.com) Open Library (openlibrary.org)

Exporting to Dublin Core...

SOUTHVILLE LIBRARY

Southville International School and Colleges Library

1281 Tropical Ave. Cor. Luxembourg St., BF Homes International, Las Pinas City

Tel. No. 8256374 / 252358 Loc. 117/146

Powered by Koha